|
|
|
|
| LEADER |
00000nam a2200000Ii 4500 |
| 001 |
DIGCARPAR0022 |
| 003 |
NyNyDIG |
| 006 |
m o d |
| 007 |
cr ||||||||||| |
| 008 |
230601s2022 gt ob 001 0 spa d |
| 035 |
|
|
|a (OCoLC)1365331583
|
| 040 |
|
|
|a DGITA
|b eng
|e rda
|e pn
|c DGITA
|
| 020 |
|
|
|a 9789929544628
|q edición digital
|q ePub
|
| 020 |
|
|
|a 9789929544611
|q edición digital
|q pdf
|
| 020 |
|
|
|z 9789929544604
|q edición física
|
| 050 |
1 |
4 |
|a B4568.Z84 ebook
|
| 082 |
0 |
4 |
|a 196.1
|2 23
|
| 100 |
1 |
|
|a Gudiel García, Hugo C.,
|d 1961-
|e author.
|
| 245 |
1 |
3 |
|a La fe según Xavier Zubiri :
|b una aproximación al tema desde la perspectiva del problema teologal del hombre /
|c Hugo C. Gudiel García.
|
| 250 |
|
|
|a Primera edición en formato digital.
|
| 264 |
|
1 |
|a Ciudad de Guatemala, Guatemala :
|b Editorial Cara Parens de la Universidad Rafael Landívar,
|c 2022.
|
| 300 |
|
|
|a 1 online resource.
|
| 336 |
|
|
|a text
|b txt
|2 rdacontent
|
| 337 |
|
|
|a computer
|b c
|2 rdamedia
|
| 338 |
|
|
|a online resource
|b cr
|2 rdacarrier
|
| 347 |
|
|
|a text file
|2 rdaft
|
| 347 |
|
|
|b EPUB
|
| 347 |
|
|
|b PDF
|
| 490 |
1 |
|
|a Colección "Teología iberoamericana" ;
|v 1
|
| 504 |
|
|
|a Includes bibliographical references and index.
|
| 588 |
0 |
|
|a Online resource; title from ePub title page (Digitalia, viewed June 1, 2023)
|
| 600 |
1 |
0 |
|a Zubiri, Xavier.
|
| 650 |
|
0 |
|a Theology.
|
| 791 |
2 |
|
|a Digitalia (Firm),
|e distributor.
|
| 793 |
0 |
|
|g Digitalia eBook Collection:
|a Editorial Cara Parens
|
| 776 |
0 |
8 |
|i Print version:
|a Gudiel García, Hugo C., 1961-
|t Fe según Xavier Zubiri.
|d Ciudad de Guatemala, Guatemala : Editorial Cara Parens de la Universidad Rafael Landívar, 2022
|z 9789929544604
|
| 830 |
|
0 |
|a Colección Teología iberoamericana ;
|v 1.
|
| 856 |
4 |
0 |
|3 Digitalia Hispánica
|u https://www.digitaliapublishing.com/a/126108/
|
| 910 |
|
|
|a Premium collection: 2023
|